<?xml version="1.0" encoding="UTF-8"?>
<collection xmlns:xsi="http://www.w3.org/2001/XMLSchema-instance" xsi:schemaLocation="http://www.loc.gov/MARC21/slim http://www.loc.gov/standards/marcxml/schema/MARC21slim.xsd" xmlns="http://www.loc.gov/MARC21/slim">
 <record>
  <leader>00000nam a2200000 i 4500</leader>
  <controlfield tag="001">UP-8027258850631518777</controlfield>
  <controlfield tag="003">Buklod</controlfield>
  <controlfield tag="005">20250324161634.0</controlfield>
  <controlfield tag="006">m     o  d        </controlfield>
  <controlfield tag="007">cr cn|||||||||</controlfield>
  <controlfield tag="008">250324p20192022ilu     o  u        eng d</controlfield>
  <datafield tag="020" ind1=" " ind2=" ">
   <subfield code="a">781718214163</subfield>
   <subfield code="a">(online)</subfield>
  </datafield>
  <datafield tag="035" ind1=" " ind2=" ">
   <subfield code="a">(UkLoBP)9781718214163</subfield>
  </datafield>
  <datafield tag="037" ind1=" " ind2=" ">
   <subfield code="a">CHK-156EBP</subfield>
  </datafield>
  <datafield tag="040" ind1=" " ind2=" ">
   <subfield code="a">UkLoBP</subfield>
   <subfield code="d">DCHK</subfield>
   <subfield code="e">rda</subfield>
  </datafield>
  <datafield tag="041" ind1=" " ind2=" ">
   <subfield code="a">eng</subfield>
  </datafield>
  <datafield tag="084" ind1=" " ind2=" ">
   <subfield code="a">RA 781.4</subfield>
   <subfield code="b">L33 2019eb</subfield>
  </datafield>
  <datafield tag="100" ind1="1" ind2=" ">
   <subfield code="a">Lademann, Amy</subfield>
   <subfield code="d">1972-</subfield>
   <subfield code="e">author</subfield>
  </datafield>
  <datafield tag="245" ind1="1" ind2="0">
   <subfield code="a">Pilates and conditioning for athletes</subfield>
   <subfield code="b">an integrated approach to performance and recovery</subfield>
   <subfield code="c">by Amy Lademann, Rick Lademann.</subfield>
  </datafield>
  <datafield tag="250" ind1=" " ind2=" ">
   <subfield code="a">First edition.</subfield>
  </datafield>
  <datafield tag="264" ind1=" " ind2="1">
   <subfield code="a">Champaign, Illinois</subfield>
   <subfield code="b">Human Kinetics</subfield>
   <subfield code="c">2019</subfield>
  </datafield>
  <datafield tag="300" ind1=" " ind2=" ">
   <subfield code="a">1 online resource (x, 254 pages)</subfield>
   <subfield code="b">illustrations</subfield>
  </datafield>
  <datafield tag="336" ind1=" " ind2=" ">
   <subfield code="a">text</subfield>
   <subfield code="2">rdacontent</subfield>
  </datafield>
  <datafield tag="337" ind1=" " ind2=" ">
   <subfield code="a">computer</subfield>
   <subfield code="2">rdamedia</subfield>
  </datafield>
  <datafield tag="338" ind1=" " ind2=" ">
   <subfield code="a">online resource</subfield>
   <subfield code="2">rdacarrier</subfield>
  </datafield>
  <datafield tag="504" ind1=" " ind2=" ">
   <subfield code="a">Includes bibliographical references and index</subfield>
  </datafield>
  <datafield tag="505" ind1="0" ind2=" ">
   <subfield code="a">pt. I PILATES CONDITIONING FOR YOUR BODY -- 1.Functional Philosophy -- Pillars of performance frame the way to think about your training -- 2.Goal Setting, Primary Assessment, and Visualization -- Map out a plan for your ideal conditioning program -- 3.Daily Movements That Enhance Performance -- Learn how to fine-tune your movements for optimal performance -- 4.Movement Prep: Dynamic Warm-up -- Great workouts are built upon solid warm-up routines -- pt. II CONDITIONING EXERCISES -- 5.Pilates Exercises -- Pilates exercises build the endurance and strength needed in all sports and every athletic discipline -- 6.Training With Medicine Balls and Resistance Bands -- Versatility is the hallmark of these overlooked fitness tools -- 7.Fundamental Strength Exercises -- Use barbells and dumbbells to push yourself to new levels -- pt. III THE WORKOUTS -- 8.Foundational Workouts -- Structurally sound conditioning programs start with strong foundational workouts -- 9.Intermediate, Advanced, and Sport-Specific Workouts -- Progress your training based on your goals and sport and level of conditioning</subfield>
  </datafield>
  <datafield tag="506" ind1="0" ind2=" ">
   <subfield code="a">IP based subscription, on campus and remote access</subfield>
   <subfield code="c">Access via Electronic Resources of the UPD College of Human Kinetics Library and University Library websites</subfield>
  </datafield>
  <datafield tag="520" ind1=" " ind2=" ">
   <subfield code="a">Pilates and Conditioning for Athletes is a science-based, multi-discipline approach to athletic conditioning. It helps you build a strong and flexible foundation by infusing Pilates into complete training programmes. The text features proven assessment protocols that have helped elite athletes reach and stay at the pinnacle of their careers. These can be used to evaluate your movement patterns, ranges of motion, strength bases, flexibility and core strength. This comprehensive guide includes detailed instructions for over 124 Pilates mat and traditional conditioning exercises. These help you strengthen your core, improve your posture and increase your flexibility. It also features other tips such as breathing exercises and resistance training for strength and power. Pilates and Conditioning for Athletes also includes 19 foundational, intermediate and sport-specific workouts to help you achieve your performance goals. Whether you're a weekend warrior or a professional athlete you'll learn how to become stronger, faster and healthier with Pilates</subfield>
   <subfield code="c">Provided by publisher</subfield>
  </datafield>
  <datafield tag="650" ind1=" " ind2="0">
   <subfield code="a">Pilates method.</subfield>
  </datafield>
  <datafield tag="650" ind1=" " ind2="0">
   <subfield code="a">Athletes</subfield>
   <subfield code="x">Training of.</subfield>
  </datafield>
  <datafield tag="650" ind1=" " ind2="0">
   <subfield code="a">Pilates method</subfield>
   <subfield code="v">Handbooks, manuals, etc.</subfield>
  </datafield>
  <datafield tag="700" ind1="1" ind2=" ">
   <subfield code="a">Lademann, Rick</subfield>
   <subfield code="d">1974-</subfield>
   <subfield code="e">author.</subfield>
  </datafield>
  <datafield tag="856" ind1="4" ind2=" ">
   <subfield code="u">https://doi.org/10.5040/9781718214163?locatt=label:secondary_humanKineticsLibrary</subfield>
   <subfield code="y">click here to access</subfield>
   <subfield code="z">(viewed 28 September 2024)</subfield>
  </datafield>
  <datafield tag="905" ind1=" " ind2=" ">
   <subfield code="a">FO</subfield>
  </datafield>
  <datafield tag="852" ind1="0" ind2=" ">
   <subfield code="a">UPD</subfield>
   <subfield code="b">DCHK</subfield>
   <subfield code="h">RA 781.4</subfield>
   <subfield code="i">L33 2019</subfield>
  </datafield>
  <datafield tag="942" ind1=" " ind2=" ">
   <subfield code="a">Electronic Resource</subfield>
  </datafield>
 </record>
</collection>
